00509nam a2200181Ia 450000500170000000800410001702000240005804000190008204100120010108200130011310000210012624500580014726000320020530000180023750400500025565000120030585000100031720230804092737.0131103s9999 xx 000 0 und d a140134557c6.99 pds aLoreto College aEnglish a900bFUK aFukuyama,Francis 4aThe end of history and the last mancFrancis Fukuyama aLondonbPenguin Booksc1992 axxiii,418 p.  aIncludes bibliographical references and index aHistory aLCLIB